=LDR 00000nam 2200000 4500 =001 INLIS000000000027704 =005 20130612130046 =008 ***********************************Ind** =035 ##$$a0010-061300000027704 =041 ##$$a Ind =082 ##$$a 2x6.4 =090 ##$$a 2x6.4, Sho y =100 ##$$a Sholat, Aidah Ahmad =245 ##$$a Yang disukai wanita dari pria, Aidah Ahmad Sholat ; penerjemah, Ali Ghufran =260 ##$$a 2006 $b Jakarta =300 ##$$a xiii, 196 hlm, 20 cm =650 ##$$a Wanita =850 ##$$a NBPNMAT =990 ##$$a 21400613/BPAP-NTB/20142014